Los estudios afroamericanos y africanos en América Latina: herencia, presencia y visiones del otro /

Na minha lista:
Detalhes bibliográficos
Autor principal: Lechini, Gladys
Outros Autores: comp
Formato: Texto
Publicado em: Buenos Aires : CLACSO,
Assuntos:
Tags: Adicionar Tag
Sem tags, seja o primeiro a adicionar uma tag!

MARC

LEADER 00000 a a2200000 04500
001 39069
003
040 |a CRAI/IIS  |c CRAI/IIS 
020 |a 978-987-1110-71-1  
090 |a 1001 L459e  
100 |a Lechini, Gladys  
245 |a Los estudios afroamericanos y africanos en América Latina: herencia, presencia y visiones del otro /  |c Gladys Lechini  
260 |a Buenos Aires :   |b CLACSO,  
300 |a 428 p.  
650 |a ANTROPOLOGIA  
650 |a HISTORIA  
650 |a NEGROS  
650 |a RELACIONES INTERNACIONALES  
650 |a RELACIONES CULTURALES  
650 |a AMERICA LATINA  
700 |a comp.  
999 |c 17498  |d 17498